000 00807nam a22002177a 4500
999 _c59314
_d59314
005 20230117111734.0
008 230117s2017ge xxu||||| |||| 00| 0 ger d
020 _a9783126050272 X
041 _ager
080 _a811.112.1 A-87
245 _a Aspekte neu : Mittelstufe Deutsch.
_b Lehr- und Arbeitsbuch 2, Teil 1 /
_cUte Koithan, Helen Schmitz, Tanja Sieber, Ralf Sonntag
264 _aStuttgart :
_bErnst Klett Sprachen,
_c2017.
300 _a200 p.:
_bill;
_c29 cm.
_e+1 CD
653 _a Aspekte neu : Mittelstufe Deutsch.Lehr- und Arbeitsbuch 2, Teil 1
653 _aასპექტები გერმანული ენა
700 _aKoithan, Ute
_916706
700 _aSchmitz, Helen
_916707
700 _aSieber, Tanja
_916708
700 _aSonntag, Ralf
_910081
942 _2udc
_cBK